[Event "Hoogovens"]
[Site "Wijk aan Zee"]
[Date "1980.??.??"]
[Round "4"]
[White "Van der Wiel, John TH"]
[Black "Kovacevic, Vlatko"]
[Result "1/2-1/2"]
[WhiteElo "2465"]
[BlackElo "2510"]

1.e4 Nf6 2.e5 Nd5 3.d4 d6 4.Nf3 Bg4 5.Be2 e6 6.h3 Bh5 7.O-O Be7 8.c4 Nb6
9.Be3 O-O 10.Nc3 a5 11.exd6 cxd6 12.d5 Bxf3 13.Bxf3 e5 14.Be2 Na6 15.Nb5 Nd7
16.a3 Nc7 17.Nxc7 Qxc7 18.b4 f5 19.Qc2 g6 20.Rac1 b6 21.Rfd1 Qd8 22.c5 bxc5
23.bxc5 f4 24.cxd6 fxe3 25.dxe7 exf2+ 26.Kh2 Qxe7 27.d6 Qg5 28.Bf3 Rae8 29.Qxf2 e4
30.Qa2+ Kg7 31.Bg4 Ne5 32.d7 Nxg4+ 33.hxg4 Rd8 34.Qb2+ Kh6 35.Rh1 Rf6 36.Kg3+ Kg7
37.Rcf1 Qe3+ 38.Kh4 Qb6 39.Qxb6 Rxb6 40.Re1 Rb3  1/2-1/2

[Event "Hoogovens"]
[Site "Wijk aan Zee"]
[Date "1980.??.??"]
[Round "8"]
[White "Biyiasas, Peter"]
[Black "Ree, Hans"]
[Result "0-1"]
[WhiteElo "2485"]
[BlackElo "2520"]

1.e4 c5 2.Nf3 e6 3.d3 Nc6 4.g3 g6 5.Bg2 Bg7 6.O-O Nge7 7.Nbd2 O-O 8.Re1 d6
9.c3 b6 10.d4 cxd4 11.Nxd4 Bb7 12.Nxc6 Bxc6 13.Nf3 a6 14.Nd4 Bb7 15.a4 Qc7
16.Bg5 h6 17.Bxe7 Qxe7 18.Qb3 Qc7 19.Nc2 Rfd8 20.Ne3 Rab8 21.Qc4 Qxc4 22.Nxc4 b5
23.Ne3 b4 24.cxb4 Ba8 25.Nc2 Rdc8 26.Re2 Bxb2 27.Rb1 Bc3 28.b5 Rc4 29.Rb3 Ba5
30.e5 d5 31.Ra3 axb5 32.axb5 Rxb5 33.h4 Bc6 34.Ne3 Rc1+ 35.Kh2 h5 36.Rc2 Rxc2
37.Nxc2 Rc5 38.Nd4 Bc3 39.Nxc6 Rxc6 40.f4 Be1 41.Ra1 Bf2 42.Ra2 Bd4 43.Ra4 Rc4
44.Ra2 Rc3 45.Bf1 Kg7 46.Kg2 Rc1 47.Be2 Bc3 48.g4 hxg4 49.Bxg4 Bd4 50.h5 Rg1+
51.Kf3 g5 52.fxg5 Bxe5 53.Ra4 d4 54.Bxe6 fxe6 55.Ra7+ Kf8 56.Ra8+ Ke7 57.Ra7+ Kd6
58.Ra6+ Kc5  0-1